Hardy spaces and potential theory on C1 domains in Riemannian manifolds
Αποθηκεύτηκε σε:
| Κύριος συγγραφέας: | |
|---|---|
| Μορφή: | Βιβλίο |
| Γλώσσα: | English |
| Δημοσίευση: |
Providence, R.I. :
American Mathematical Society,
c2008
|
| Σειρά: | Memoirs of the American Mathematical Society ;
; 894 |
| Θέματα: | |
| Ετικέτες: |
Προσθήκη ετικέτας
Δεν υπάρχουν, Καταχωρήστε ετικέτα πρώτοι!
|
MARC
| LEADER | 00000nam a2200000 i 4500 | ||
|---|---|---|---|
| 001 | 1/98683 | ||
| 008 | 081203s2008 eng d | ||
| 020 | |a 978-0-8218-4043-6 | ||
| 035 | |l 10102181 | ||
| 040 | |a GR-MY-UA |b gre |e aacr | ||
| 041 | 0 | |a eng | |
| 082 | 0 | |a 515.2433 |2 (22) | |
| 100 | 1 | |a Dindos, Martin. | |
| 245 | 1 | 0 | |a Hardy spaces and potential theory on C1 domains in Riemannian manifolds / |c Martin Dindos |
| 246 | 3 | 3 | |a Hardy spaces and potential theory on C[superscript 1] domains in Riemannian manifolds |
| 260 | |a Providence, R.I. : |b American Mathematical Society, |c c2008 | ||
| 300 | |a vi, 78 σ.; |c 26 εκ. | ||
| 490 | 1 | |a Memoirs of the American Mathematical Society |v ; 894 | |
| 500 | |a Memoirs of the Mathematical Society. Volume 191, number 894(fourth of 5 numbers). | ||
| 504 | |a Βιβλιογραφία: σ. 77-78 | ||
| 650 | 0 | 0 | |a Hardy spaces. |
| 650 | 0 | 0 | |a Riemannian manifolds. |
| 650 | 0 | 0 | |a Potential theory (Mathematics) |
| 830 | 0 | |a Memoirs of the American Mathematical Society ; |v ; 894 | |
| 852 | |a INST |b SAMOS |e 20081203 |h 515.2433 DIN |p 005300029546 |q 005300029546 |t BK |y 0 | ||
| 901 | |a BIBL3-2008-3 | ||
| 909 | |a Σ |b 156343 | ||
| 922 | |a 3ΕΛΗ |b 200810 |c ΕΠΕΑΕΚ2/ΤΜΗΜΑ ΜΑΘΗΜΑΤΙΚΩΝ |d ΜΙΧΑΛΟΠΟΥΛΟΣ | ||
| 970 | |a ΣΙΤΖΙΜΗ |b ΓΙΑΣΕΜΗ |z 2008/12/03 | ||